00672nam a2200229 a 4500001001300000003000900013005001700022008004100039020002300080082001300103100001900116245002900135260004500164300001000209500003500219650002300254700001900277902000800296942000700304952011400311999001700425nice12345678IN_TiNIC20260116014905.0131111s1994 fraa grp 000 0 eng  a9780460874786c12500a820bCON aConrad, Joseph aVictoryb An Island Tale aFrance bLibrairie Artheme Fayard c1994 a355p  aincludes index and biblioraphy aEnglish-Literature1 aConrad, Joseph bSRS cBK 001040708StackRoom-aHMIbHMId2013-11-11g125.00l0o820 CONp024200r2013-11-11v125.00w2013-11-11yBK c17428d17428